International Economic Review

Na minha lista:
Detalhes bibliográficos
Formato: Periódico
Idioma:inglês
Publicado em: Philadelphia Economics Department of the University of Pennsylvania
Assuntos:
Tags: Adicionar Tag
Sem tags, seja o primeiro a adicionar uma tag!

MARC

LEADER 00000nas1a22000001 4500
001 s120083
005 20250701092059.5
022 |a 0020-6598 
022 |a 1468-2354 
041 0 |a eng 
044 |a US 
245 1 0 |a International Economic Review 
264 1 |a Philadelphia  |b Economics Department of the University of Pennsylvania 
610 2 0 |a ekonómia 
610 2 0 |a modely ekonomicko-matematické 
610 2 0 |a výskum ekonomický